| 000 | 01615cad a22002415a 4500 | ||
|---|---|---|---|
| 001 | L145652 | ||
| 008 | 081028e20081028xxkad f s 000 0 eng d | ||
| 035 | _a(Sirsi) u145652 | ||
| 041 | 0 | _aeng | |
| 050 | 0 | 4 | _a332.6324 $2 18 |
| 110 | 2 |
_aBank of England _92779 |
|
| 245 | 0 | 0 |
_aFinancial stability report _bissue 24 _h[electronic resource] |
| 260 |
_aLondon _bBank of England _c2007 |
||
| 490 | 0 |
_aBank of England Financial Stability Report _v(24) 28 October 2008 |
|
| 505 | 2 | _aVisual summary -- Foreword -- Executive summary and introduction -- Contents -- An extended credit boom -- An adverse spiral develops -- Institutional risks materialise -- A system-wide response -- Near-term prospects for the financial system -- The medium-term agenda -- Annex, timeline of crisis events -- Complete book -- Other financial stability publications -- Index of charts and tables -- Glossary and other information | |
| 520 | _aDiscusses the turmoil in the international financial system in 2008. Looks at causes, outcomes (short and medium term) and links to other sources of information on the subject. Adresses future risks and suggests ways in which financial institutions must change to prevent a repeat of the current instability found across the sector. | ||
| 590 | _aKA NTK | ||
| 650 | 2 | 4 | _aBANK OF ENGLAND FINANCIAL STABILITY REPORT |
| 651 | 4 |
_aUnited Kingdom _y |
|
| 690 | _aPROPERTY-COMMERCIAL PROPERTY-COMMERCIAL PROPERTY FINANCE AND INVESTMENT | ||
| 856 | 4 | 0 |
_uhttps://www.bankofengland.co.uk/publications/fsr/2008/fsr24.htm _zView the item free of charge online at www.bankofengland.co.uk... |
| 942 | _n0 | ||
| 999 |
_c108838 _d108838 |
||